Chaucer`s canterburu tales : (Record no. 3075)
[ view plain ]
| 000 -LEADER | |
|---|---|
| fixed length control field | 00981nac a22002651u 4500 |
| 003 - CONTROL NUMBER IDENTIFIER | |
| control field | EG-ScBUE |
| 005 - DATE AND TIME OF LATEST TRANSACTION | |
| control field | 20220313101705.0 |
| 008 - FIXED-LENGTH DATA ELEMENTS--GENERAL INFORMATION | |
| fixed length control field | 200219s1948 nyu f 000 0 eng d |
| 040 ## - CATALOGING SOURCE | |
| Original cataloging agency | EG-ScBUE |
| Language of cataloging | eng |
| Description conventions | rda |
| Transcribing agency | EG-ScBUE |
| Modifying agency | EG-ScBUE |
| 043 ## - GEOGRAPHIC AREA CODE | |
| Geographic area code | e-uk-en |
| 082 04 - DEWEY DECIMAL CLASSIFICATION NUMBER | |
| Classification number | 861 |
| Item number | HOP |
| Edition number | 22 |
| 100 1# - MAIN ENTRY--PERSONAL NAME | |
| Personal name | Hopper, Vincent F. |
| Fuller form of name | (Vincent Foster), |
| Dates associated with a name | 1906-1976, |
| Relator term | author. |
| 245 10 - TITLE STATEMENT | |
| Title | Chaucer`s canterburu tales : |
| Remainder of title | an interlinear translation / |
| Statement of responsibility, etc | by Vincent F. Hopper, professor of English, New York University. |
| 264 #1 - PUBLICATION, DISTRIBUTION, ETC. (IMPRINT) | |
| Place of publication, distribution, etc | Woodbury, New York : |
| Name of publisher, distributor, etc | Barron's Educational Series, Inc., |
| Date of publication, distribution, etc | 1948. |
| 300 ## - PHYSICAL DESCRIPTION | |
| Extent | xv, 448 pages ; |
| Dimensions | 20 cm |
| 336 ## - CONTENT TYPE | |
| Source | rdacontent |
| Content type term | text |
| Content type code | txt |
| 337 ## - MEDIA TYPE | |
| Source | rdamedia |
| Media type term | unmediated |
| Media type code | n |
| 338 ## - CARRIER TYPE | |
| Source | rdacarrier |
| Carrier type term | volume |
| Carrier type code | nc |
| 650 #7 - SUBJECT ADDED ENTRY--TOPICAL TERM | |
| Topical term or geographic name as entry element | Christian pilgrims and pilgrimages |
| Geographic subdivision | England |
| -- | Canterbury |
| Form subdivision | Poetry. |
| Source of heading or term | BUEsh |
| 651 ## - SUBJECT ADDED ENTRY--GEOGRAPHIC NAME | |
| Source of heading or term | BUEsh |
| 653 ## - INDEX TERM--UNCONTROLLED | |
| Resource For college | Humanities: English |
| Arrived date list | March2022 |
| 655 ## - INDEX TERM--GENRE/FORM | |
| Form subdivision | Reading book |
| 9 (RLIN) | 34232 |
| 942 ## - ADDED ENTRY ELEMENTS (KOHA) | |
| Koha item type | Book - Borrowing |
| Source of classification or shelving scheme | Dewey Decimal Classification |
| Withdrawn status | Lost status | Damaged status | Not for loan | Home library | Current library | Shelving location | Date acquired | Source of acquisition | Total Checkouts | Full call number | Barcode | Date last seen | Price effective from | Koha item type |
|---|---|---|---|---|---|---|---|---|---|---|---|---|---|---|
| Central Library | Central Library | Second Floor | 18/03/2007 | Purchase | 861 HOP | 000001121 | 15/07/2025 | 18/03/2007 | Book - Borrowing |